Štruktúrované vkladové produkty ponúkané bankami na Slovensku
Inovácie na trhu vkladových produktov v komerčných bankách na Slovensku a formy štruktúrovaných vkladov, ich výhody a nevýhody pre klienta a pre banku.
Salvato in:
| Autore principale: | |
|---|---|
| Altri autori: | |
| Natura: | Capitolo di libro |
| Lingua: | slovacco |
| Soggetti: | |
| Tags: |
Nessun Tag, puoi essere il primo ad aggiungerne!!
|
MARC
| LEADER | 00000nla a2200000 4500 | ||
|---|---|---|---|
| 001 | 0179850 | ||
| 005 | 20240502073046.1 | ||
| 041 | 0 | |a slo | |
| 044 | |a SK | ||
| 245 | 1 | 0 | |a Štruktúrované vkladové produkty ponúkané bankami na Slovensku |c Daniela Tkáčová, Barbara Napolitano |
| 520 | |a Inovácie na trhu vkladových produktov v komerčných bankách na Slovensku a formy štruktúrovaných vkladov, ich výhody a nevýhody pre klienta a pre banku. | ||
| 610 | 2 | 0 | |a banky obchodné |
| 610 | 2 | 0 | |a bankovníctvo investičné |
| 610 | 2 | 0 | |a služby bankové |
| 610 | 2 | 0 | |a služby finančné |
| 610 | 2 | 0 | |a stratégia investičná |
| 610 | 2 | 0 | |a výnosy |
| 100 | 1 | |a Tkáčová, Daniela, 1954- | |
| 700 | 1 | |a Napolitano, Barbara | |